Some studies of fresh fruit and vegetable marketing in Asia

Đã lưu trong:
Sonraí Bibleagrafaíochta
Formáid: Leabhar
Teanga:Undetermined
Foilsithe: New York Agricultural Development Council 1974
Ábhair:
Clibeanna: Cuir Clib Leis
Gan Chlibeanna, Bí ar an gcéad duine leis an taifead seo a chlibeáil!
Thư viện lưu trữ: Trung tâm Học liệu Trường Đại học Cần Thơ
LEADER 00496nam a2200157Ia 4500
001 CTU_11396
008 210402s9999 xx 000 0 und d
082 |a 658.838635 
082 |b S728 
245 0 |a Some studies of fresh fruit and vegetable marketing in Asia 
260 |a New York 
260 |b Agricultural Development Council 
260 |c 1974 
650 |a agriculture - economic aspects,marketing - asia 
904 |i Minh, 961022 
980 |a Trung tâm Học liệu Trường Đại học Cần Thơ